LEADER 00976nam--2200361---450- 001 990002745720203316 005 20060605113433.0 010 $a0-517-501236 035 $a000274572 035 $aUSA01000274572 035 $a(ALEPH)000274572USA01 035 $a000274572 100 $a20060605d1976----km-y0itay0103----ba 101 $aeng 102 $aUS 105 $a||||||||001yy 200 1 $a<> consumer's dictionary of cosmetic ingredients$fRuth Winter 210 $aNew York$cCrown Publishers$dc1976 215 $a260 p.$d22 cm 410 0$12001 454 1$12001 461 1$1001-------$12001 606 0 $aCosmetici$xdizionario 676 $a668.5 700 1$aWINTER,$bRuth$0593293 801 0$aIT$bsalbc$gISBD 912 $a990002745720203316 951 $aP13 633$bDISTRA 959 $aBK 969 $aDISTRA 979 $aDISTRA1$b90$c20060605$lUSA01$h1134 996 $aConsumer's dictionary of cosmetic ingredients$9999298 997 $aUNISA LEADER 01191nam0-2200397---450 001 990008809520403321 005 20200806094720.0 010 $a978-3-527-31901-5 035 $a000880952 035 $aFED01000880952 035 $a(Aleph)000880952FED01 035 $a000880952 100 $a20090219d2008----km-y0itay50------ba 101 0 $aeng 102 $aDE 105 $aa-------001yy 200 1 $aPlant-bacteria interactions$estrategies and techniques to promote plant growth$fedited by Iqbal Ahmad, John Pichtel and Shamsul Hayat 210 $aWeinheim$cWiley-VCH$dc2008 215 $aXVII, 310 p.$cill.$d25 cm 610 0 $aBatteriologia 610 0 $aFisiologia vegetale 676 $a589.9$v20$zita 676 $a581.1$v20$zita 676 $a571.82$v23$zita 702 1$aAhmad,$bIqbal 702 1$aPichtel,$bJohn 702 1$aHayat,$bShamsul 801 0$aIT$bUNINA$gRICA$2UNIMARC 901 $aBK 912 $a990008809520403321 952 $a60 571.82 AHMI 2008$b11655$fFAGBC 952 $a60 581.1 B 117$b11561$fFAGBC 952 $a60 571.82 AHMI 2008 BIS$b11742$fFAGBC 959 $aFAGBC 996 $aPlant-bacteria interactions$9807957 997 $aUNINA